00365nam a2200157Ia 4500001000500000005001700005008004100022041000800063082001500071100002400086245004400110260000900154300002800163650000800191654000800199336620260306145638.0260306t1998||||xx |||||||||||||| ||spa|| aESP a270.1bJ14 aJaeger, WernereAUT 0aCristianismo primitivo y paideia griega c1998 a147 páginas :c17 cm. aGEN aCHU